| 000 | 00715nam a2200217 i 4500 | ||
|---|---|---|---|
| 001 | bg | ||
| 245 | 7 | 0 |
_aPolskie instalacje odsiarczania spalin przemysłowych : _bkatalog / _c[oprac. Marek Hoffmann, Iwona Ornoch, Romuald Sulima ; Instytut Ochrony Środowiska. |
| 260 |
_aWarszawa : _bIOŚ, _c1989. |
||
| 300 |
_a159 s. : _brys. ; _c24 cm. |
||
| 650 | 9 |
_aOdsiarczanie _xurządzenia _xprojekty |
|
| 650 | 9 |
_aSpaliny _xhigiena |
|
| 650 | 9 |
_aElektroenergetyka _xhigiena |
|
| 700 | 1 |
_aHOFFMANN, Marek. _eOprac. |
|
| 700 | 1 |
_aORNOCH, Iwona. _eOprac. |
|
| 700 | 1 | _aSULIMA, Romuald | |
| 040 | _cBPK | ||
| 041 | 0 | _apl | |
| 080 | _a628.5:621.31:662.6](075.8) | ||
| 942 | _cKA | ||
| 008 | s pl f |000 0 pol | ||
| 999 |
_c30419 _d30419 |
||
| 856 |
_uhttp://koha.tu.koszalin.pl/cgi-bin/koha/opac-detail.pl?biblionumber=30419 _yKatalog online BPK |
||